BPF/IPD annual lease review 2012 (Record no. 114253)
[ view plain ]
| 000 -LEADER | |
|---|---|
| fixed length control field | 01724cab a22002535a 4500 |
| 001 - CONTROL NUMBER | |
| control field | L156432 |
| 008 - FIXED-LENGTH DATA ELEMENTS--GENERAL INFORMATION | |
| fixed length control field | 120521s2012 xxk f s 000 0 eng d |
| 035 ## - SYSTEM CONTROL NUMBER | |
| System control number | (Sirsi) u156432 |
| 041 0# - LANGUAGE CODE | |
| Language code of text/sound track or separate title | eng |
| 110 2# - MAIN ENTRY--CORPORATE NAME | |
| Corporate name or jurisdiction name as entry element | British Property Federation |
| 9 (RLIN) | 1604 |
| 245 00 - TITLE STATEMENT | |
| Title | BPF/IPD annual lease review 2012 |
| Medium | [electronic resource] |
| 250 ## - EDITION STATEMENT | |
| Edition statement | 15th ed. |
| 260 ## - PUBLICATION, DISTRIBUTION, ETC. | |
| Place of publication, distribution, etc. | London |
| Name of publisher, distributor, etc. | BPF |
| -- | IPD |
| Date of publication, distribution, etc. | 2012 |
| 490 #0 - SERIES STATEMENT | |
| Series statement | BPF/IPD Annual Lease Review |
| Volume/sequential designation | 2012 May 2012 |
| 505 2# - FORMATTED CONTENTS NOTE | |
| Formatted contents note | Executive summary -- expanded database analysis and headline lease lengths -- lease lengths analysis by company size -- changes in lease lengths -- average rent free periods -- income security and growth potential -- technical appendix -- glosary -- full history. |
| 520 ## - SUMMARY, ETC. | |
| Summary, etc. | The analysis in the 2012 review has been extended to incorporate 10 316 new leases granted in 2011, 76% of which were for less than five years in length, up from 63% in 2010. The average length of all lettings fell from 5.3 years in 2010 to 4.8 years in 2011.The average length of all new leases weighted by rent including break clauses continued to rise to 9.8% in 2011, the longest recorded since 2007. The proportion of leases with break clauses increased in 2011 to 33.2% compared to 31.1% in 2010. The proportion of leases with breaks increase on all lease lengths except those less than five years and those between 16-20 years. |
| 590 ## - LOCAL NOTE (RLIN) | |
| Local note | KA |
| 650 24 - SUBJECT ADDED ENTRY--TOPICAL TERM | |
| Topical term or geographic name entry element | BPF/IPD ANNUAL LEASE REVIEW |
| 651 #4 - SUBJECT ADDED ENTRY--GEOGRAPHIC NAME | |
| Geographic name | United Kingdom |
| 690 ## - LOCAL SUBJECT ADDED ENTRY--TOPICAL TERM (OCLC, RLIN) | |
| Topical term or geographic name as entry element | Commercial property |
| 9 (RLIN) | 6227 |
| 710 2# - ADDED ENTRY--CORPORATE NAME | |
| Corporate name or jurisdiction name as entry element | Investment Property Databank |
| 9 (RLIN) | 2288 |
| 856 40 - ELECTRONIC LOCATION AND ACCESS | |
| Uniform Resource Identifier | <a href="https://www.bpf.org.uk/en/files/bpf_documents/commercial/BPF_IPD_Annual_Lease_Review_2012.pdf">https://www.bpf.org.uk/en/files/bpf_documents/commercial/BPF_IPD_Annual_Lease_Review_2012.pdf</a> |
| Public note | View the annual lease review at www.bpf.org.uk |
| 942 ## - ADDED ENTRY ELEMENTS (KOHA) | |
| Suppress in OPAC | 0 |
| Withdrawn status | Lost status | Source of classification or shelving scheme | Damaged status | Not for loan | Home library | Current library | Shelving location | Date acquired | Total Checkouts | Full call number | Barcode | Date last seen | Copy number | Price effective from | Koha item type |
|---|---|---|---|---|---|---|---|---|---|---|---|---|---|---|---|
| Dewey Decimal Classification | Virtual | Virtual | Books | 21/05/2012 | ONLINE PUBLICATION | 156432-2001 | 06/08/2019 | 1 | 06/08/2019 | Book |